| 000 | 00422nam a22001697a 4500 | ||
|---|---|---|---|
| 003 | SGT | ||
| 020 | _a9780323661836 | ||
| 082 |
_a615.822 _bM21F |
||
| 100 | _aFRITZ, SANDY | ||
| 245 | _aMOSBY'S FUNDAMENTALS OF THERAPEUTIC MASSAGE | ||
| 250 | _a7TH | ||
| 260 |
_aMISSOURI _bELSEVIER PUB _c2021 |
||
| 300 | _a816 | ||
| 650 | _aPHYSIOTHERAPY | ||
| 653 | _aMOSBY'S FUNDAMENTALS OF THERAPEUTIC MASSAGE | ||
| 942 |
_2ddc _cBK |
||
| 999 |
_c23436 _d23436 |
||